| 000 | 00401nam a2200109Ia 4500 | ||
|---|---|---|---|
| 008 | 171211s9999 xx 000 0 und d | ||
| 245 | _aSmart Modeling and Simulation for Complex Systems: Practice and Theory | ||
| 245 | _cFenghui Ren, Minjie Zhang, Quan Bai, Takayuki Ito, and Xijin Tang | ||
| 260 | _c2015 | ||
| 650 | _xINFORMATION TECHNOLOGIES | ||
| 856 | _uhttp://down.ebook777.com/063/4431561560.pdf | ||
| 999 |
_c349715 _d349715 |
||